00784 2200289 4500001002100000005001500021035002000036007000300056040001600059100003500075245006800110250001200178300004000190020001800230041000800248082001000256084001600266090002000282264003800302336002100340337003000361338002300391650001500414850001000429008004100439990001400480INLIS00000000000770420260601082002 a0010-0922000193ta aSBUPADbInd0 aMul Mulyani SutedjoePengarang1 aAnalisa Tanah, Air, dan Jaringan Tanaman /cMul Mulyani Sutedjo a.-Cet.2 aviii, 108 hlm :bilus ;c20 x 14 cm a979-518-295-107aInd a631.1 a631.1 MUL a a631 KEM d L18-6 a.--Jakarta :bRineka Cipta,c1992 2rdacontentateks 2rdamediaatanpa perantara 2rdacarrieravolume 4ailmu tanah aPUPAD260601 0  a0232/2005